Wird geladen...
Contributions to the theory of nonlinear oscillations, Vol.4
| Weitere Verfasser: | |
|---|---|
| Format: | Printed Book |
| Veröffentlicht: |
Princeton University Press, New Jersey
1958
|
| Schriftenreihe: | Annals of Mathematics Studies, Vol.041
|
| Schlagworte: |
| LEADER | 00572nam a2200169 4500 | ||
|---|---|---|---|
| 082 | |a R AMS.041 | ||
| 100 | |a Lefschetz, S, |e Editor | ||
| 245 | |a Contributions to the theory of nonlinear oscillations, Vol.4 |c S Lefschetz | ||
| 250 | |||
| 260 | |a Princeton University Press, New Jersey |c 1958 | ||
| 300 | |||
| 490 | |a Annals of Mathematics Studies, Vol.041 | ||
| 650 | |a Annals of Mathematics Studies | ||
| 700 | |e Editor | ||
| 942 | |c BK | ||
| 999 | |c 200967 |d 200967 | ||
| 952 | |0 0 |1 0 |4 0 |6 R_AMS_041_000000000000000 |7 0 |9 214316 |a MAT |b MAT |l 0 |o R AMS.041 |p MAT1846 |r 2019-11-01 |w 2019-11-01 |y BK | ||